| 000 | 03216cam a2200385 a 4500 | ||
|---|---|---|---|
| 999 |
_c407 _d407 |
||
| 001 | 15057675 | ||
| 003 | GZU*********************************************************************************************************************************************************************************************************************************************************************************************************************************************************************************************************************************************************************************************************************************************************************************************************************************************************************************************************************************************************************************************************************************************************************************************************************************************************************************************************************************************************************************************************************************************************************************************************************************************************************************************************************************************************************************************************************************************************************************************************************************************************************************************************** | ||
| 005 | 20200723110423.0 | ||
| 008 | 071024s2007 enk b 001 0 eng d | ||
| 010 | _a 2007281388 | ||
| 015 |
_aGBA718640 _2bnb |
||
| 016 | 7 |
_a013689176 _2Uk |
|
| 020 | _a9780567031822 (pbk. : alk. paper) | ||
| 020 | _a0567031829 (pbk. : alk. paper) | ||
| 020 | _a9780567032232 (hbk. : alk. paper) | ||
| 020 | _a056703223X (hbk. : alk. paper) | ||
| 035 | _a(OCoLC)ocm85829295 | ||
| 040 |
_aUKM _cUKM _dBAKER _dBTCTA _dYDXCP _dBWKUK _dSP1 _dDLC |
||
| 041 | 1 |
_aeng _hdut |
|
| 042 | _alccopycat | ||
| 050 | 0 | 0 |
_aBT1392.G652 _bBOE 2007 |
| 100 | 1 |
_aBoer, Esther de. _eauthor |
|
| 240 | 1 | 0 |
_aGeliefde discipel. _lEnglish |
| 245 | 1 | 4 |
_aThe Mary Magdalene cover-up : _bthe sources behind the myth / _cEsther de Boer ; translated by John Bowden. |
| 260 |
_aLondon ; _aNew York : _bT & T Clark, _c2007. |
||
| 300 |
_ax, 213 p. ; _c24 cm. |
||
| 500 | _aIncludes bibliographical references (p. [207]-211) and index. | ||
| 504 | _aIncludes bibliographical references (p. [207]-211) and index. | ||
| 505 | 0 | _aThe Mary Magdalene cover-up -- Who was Mary Magdalene? -- Disciple and witness -- Mary's teaching -- Apostle -- Eve and Apostle of the Apostles -- Mary Magdalene as an argument -- A woman to learn from? -- Two forces -- The East and the West -- "Has he chosen her above us?" | |
| 600 | 0 | 0 |
_aMary Magdalene, _cSaint. |
| 700 | 1 |
_aBowden, John. _etranslator |
|
| 906 |
_a7 _bcbc _ccopycat _d2 _encip _f20 _gy-gencatlg |
||
| 942 |
_2lcc _cBK _h1392.G652 _iBOE _kBT |
||